Responses for show #2113 - Wednesday, November 10, 1993

1993 Celebrity Jeopardy! game 3.

Contestants

Michael Feinstein, a musician and singer of classic American showtunes and love songs from

Paula Poundstone, a winner of a CableACE award and star of her own TV show from The Paula Poundstone Show

Kelsey Grammer, a television's favorite psychiatrist, Dr. Frasier Crane from Frasier

Jeopardy! Round responses

ROYALTY
OSCAR NIGHT FASHIONS
TRANSPORTATION
ASTROLOGY
DANCE
WHEN YOU'RE "HOT"
    $100 10
China

Triple Stumper
    $100 1
Clint Eastwood

Kelsey
    $100 17
a bicycle

Michael
    $100 12
the hula

Kelsey
    $100 5
the hot seat

Paula
    $200 22
Henry VIII

Kelsey
    $200 2
Cher

Kelsey
    $200 18
a one-horse open sleigh

Michael
    $200 13
(Paula: What is hold the guy in front of you?)
(Kelsey: What is, I think, back up?)

kick

KelseyPaula
Triple Stumper
    $200 6
hot air

Kelsey
    $300 3
Marisa Tomei

Kelsey
    $300 19
Boeing

Kelsey
    $300 14
a soft shoe

Kelsey
    $300 7
hot to trot

Kelsey
    $400 4
Susan Sarandon

Paula
    $400 20
a bobsled

Paula
    $400 15
Gene Kelly

Kelsey
    $400 8
(Kelsey: What is a hot flash?)
(Michael: What is hot air?)
(Pula: What is hot-blooded?)

hot under the collar

KelseyPaulaMichael
Triple Stumper
    $500 11
(Paula: I don't know, who is Madonna?)

Geena Davis

Paula
Triple Stumper
    $500 21
(Paula: What is a big car?)

a school bus

Paula
Triple Stumper
    $500 16
(Kelsey: What is the cha-cha?)
(Paula: What is Tom Selleck?)

Cuba

KelseyPaula
Triple Stumper
    $500 9
Red Hot Chili Peppers

Triple Stumper

Scores at the first commercial break (after clue 10):

Kelsey Paula Michael
$700 $100 -$400

Scores at the end of the Jeopardy! Round:

Kelsey Paula Michael
$1,300 -$1,200 -$100

Double Jeopardy! Round responses

U.S.HISTORY
MUSIC
WOMEN IN TELEVISION
BIOGRAPHIES
HITCHCOCK
THE BIRDS
    $200 8
Denver

Michael
    $200 19
a rhapsody

Kelsey
    $200 14
(Paula: What is a... hen?)

a turkey

KelseyPaula
    $400 9
the territory of Louisiana (the Louisiana Purchase)

Kelsey
    $400 7
a cappella

Kelsey
    $400 1
The Today Show

Paula
    $400 15
Australia

Michael
    $600 10
Checkers

Paula
    $600 6
the violin

Michael
    $600 2
Knots Landing

Paula
    $600 16
(lex: Les than a minute to go.)

an ostrich

Kelsey
    $1,000 11
Ellis Island

Paula
    $800 5
new age music

Michael
    $800 3
Designing Women

Michael
    $800 17
(Michael: I'm from Ohio.)

the cardinal

Michael
    $1000 13
the War of 1812

Triple Stumper
    $1000 4
Zubin Mehta

Michael
    $1000 12
Diane English

Kelsey
    $1,000 18
(Michael: What is a robin?)

bees

Michael

Scores at the end of the Double Jeopardy! Round:

Kelsey Paula Michael
$4,100 $1,200 $3,500

[wagering suggestions for these scores]

Final Jeopardy! Round responses

POLITICAL QUOTATIONS
PaulaWho i Kissinger
$1,200
MichaelWho is Henry Kissinger
$1,000
KelseyWho was Kissinger
$4,100
Henry Kissinger

Final scores:

Kelsey Paula Michael
$8,200 $2,400 $4,500
Winner: $10,000 to charity 3rd place: $10,000 to charity 2nd place: $10,000 to charity

Game dynamics:

Coryat scores:

Kelsey Paula Michael
$4,100 $1,000 $4,500
16 R,
3 W
7 R
(including 1 DD),
6 W
9 R,
2 W
(including 1 DD)

Combined Coryat: $9,600

The J! Archive is created by fans, for fans. The Jeopardy! game show and all elements thereof, including but not limited to copyright and trademark thereto, are the property of Jeopardy Productions, Inc. and are protected under law. This website is not affiliated with, sponsored by, or operated by Jeopardy Productions, Inc. Join the discussion at JBoard.tv.